[Event "Belgrade Trophy 35th"]
[Site "Belgrade"]
[Date "2021.11.28"]
[Round "5"]
[White "Novakovic, Marko"]
[Black "Hlebec, Darko"]
[Result "1/2-1/2"]
[WhiteElo "2097"]
[BlackElo "1888"]
[PlyCount "78"]
[EventDate "2021.11.24"]
[EventType "swiss"]
[EventRounds "9"]
[EventCountry "SRB"]
[SourceTitle "CBM 205 Extra"]
[Source "ChessBase"]
[SourceDate "2022.01.31"]
[SourceVersion "1"]
[SourceVersionDate "2022.01.31"]
[SourceQuality "1"]

1. d4 d5 2. c4 dxc4 3. Nf3 Nf6 4. Nc3 e6 5. e3 c5 6. Bxc4 Be7 7. 0-0 0-0 8. a3 a6 9. dxc5 Qxd1 10. Rxd1 Bxc5 11. b4 Be7 12. e4 b5 13. Be2 Bb7 14. e5 Nd5 15. Bb2 Nd7 16. Nxd5 Bxd5 17. Rac1 Rfc8 18. g3 Nb6 19. Nd2 Kf8 20. Bd4 Na4 21. f4 Ke8 22. Kf2 Rxc1 23. Rxc1 Kd7 24. Ke3 Rc8 25. Rxc8 Kxc8 26. Bd3 g6 27. Nb1 Kc7 28. Bc2 Nb6 29. Bxb6+ Kxb6 30. Kd4 a5 31. Kc3 f6 32. Nd2 fxe5 33. fxe5 Bf8 34. Be4 axb4+ 35. axb4 Kc6 36. Bd3 Bg7 37. Kd4 Bf8 38. Kc3 Bg7 39. Kd4 Bf8 1/2-1/2

[Event "Belgrade Trophy 35th"]
[Site "Belgrade"]
[Date "2021.11.25"]
[Round "2"]
[White "Bjeletic, Zeljko"]
[Black "Hlebec, Darko"]
[Result "0-1"]
[WhiteElo "1603"]
[BlackElo "1888"]
[PlyCount "62"]
[EventDate "2021.11.24"]
[EventType "swiss"]
[EventRounds "9"]
[EventCountry "SRB"]
[SourceTitle "CBM 205 Extra"]
[Source "ChessBase"]
[SourceDate "2022.01.31"]
[SourceVersion "1"]
[SourceVersionDate "2022.01.31"]
[SourceQuality "1"]

1. Nf3 d5 2. g3 Nf6 3. Bg2 g6 4. 0-0 Bg7 5. d4 0-0 6. Bf4 Nh5 7. Qd2 Nxf4 8. Qxf4 Qd6 9. Qd2 Nc6 10. c3 Bd7 11. Qc1 Rac8 12. Nbd2 e5 13. dxe5 Nxe5 14. Nxe5 Qxe5 15. Re1 c5 16. e4 dxe4 17. Bxe4 Qc7 18. Qc2 b6 19. Rad1 Rcd8 20. Nf3 Bg4 21. Kg2 Qc8 22. Rxd8 Rxd8 23. Rd1 Bf6 24. Rxd8+ Qxd8 25. h3 Be6 26. Qa4 Qd7 27. Qxd7 Bxd7 28. Bd5 Kf8 29. h4 h6 30. Nd2 Ke7 31. Nf3 Bg7 0-1

[Event "Belgrade Trophy 32nd"]
[Site "Belgrade"]
[Date "2018.12.01"]
[Round "8"]
[White "Hlebec, Darko"]
[Black "Jandric, Damjan"]
[Result "0-1"]
[WhiteElo "1943"]
[BlackElo "2117"]
[PlyCount "108"]
[EventDate "2018.11.24"]
[EventType "swiss"]
[EventRounds "9"]
[EventCountry "SRB"]
[SourceTitle "CBM 187 Extra"]
[Source "ChessBase"]
[SourceDate "2018.11.04"]
[SourceVersion "1"]
[SourceVersionDate "2018.11.04"]
[SourceQuality "1"]

1. d4 Nf6 2. c4 g6 3. Nc3 Bg7 4. e4 d6 5. Nf3 0-0 6. Be2 e5 7. dxe5 dxe5 8. Qxd8 Rxd8 9. Bg5 Re8 10. h3 c6 11. 0-0 Nbd7 12. Be3 Bf8 13. Bd3 Bc5 14. Bxc5 Nxc5 15. Bc2 a5 16. b3 Nfd7 17. Rfd1 f6 18. Rd6 Kf7 19. Rad1 Ke7 20. R6d2 Nb6 21. a4 Nbd7 22. Ne1 Ne6 23. Nf3 Ndc5 24. Kf1 Nc7 25. Ne1 N7a6 26. Nd3 Nxd3 27. Bxd3 Nc5 28. Bc2 Be6 29. f3 Rad8 30. Ke2 Rxd2+ 31. Rxd2 Rd8 32. Rxd8 Kxd8 33. Kd2 Kc7 34. Ne2 Kd6 35. Kc3 Bd7 36. Bd3 Ne6 37. Bc2 Kc5 38. Nc1 Kd6 39. Ne2 h5 40. h4 g5 41. g3 Nf8 42. Bd1 Ng6 43. hxg5 fxg5 44. Kd2 Kc5 45. Ke3 h4 46. gxh4 gxh4 47. f4 Nxf4 48. Nxf4 exf4+ 49. Kxf4 Kd4 50. e5 h3 51. Bf3 Kc3 52. Ke3 Kxb3 53. Kd4 Kb4 54. c5 Be6 0-1

[Event "Belgrade-chT"]
[Site "Belgrade"]
[Date "2017.10.21"]
[Round "6.6"]
[White "Hlebec, Darko"]
[Black "Brkic, Zoran"]
[Result "0-1"]
[WhiteElo "2028"]
[BlackElo "2083"]
[PlyCount "80"]
[EventDate "2017.10.01"]
[EventType "team-tourn"]
[EventRounds "11"]
[EventCountry "SRB"]
[SourceTitle "CBM 181 Extra"]
[Source "ChessBase"]
[SourceDate "2017.12.12"]
[SourceVersion "1"]
[SourceVersionDate "2017.12.12"]
[SourceQuality "1"]
[WhiteTeam "Vidikovac"]
[BlackTeam "Bogoslov"]
[WhiteTeamCountry "SRB"]
[BlackTeamCountry "SRB"]

1. d4 Nf6 2. c4 Nc6 3. d5 Ne5 4. b3 e6 5. dxe6 fxe6 6. Bb2 Bb4+ 7. Bc3 Qe7 8. a3 Bxc3+ 9. Nxc3 0-0 10. Qd4 Nc6 11. Qd2 d5 12. cxd5 exd5 13. Nf3 Be6 14. e3 Ne4 15. Qb2 Qf6 16. Na4 Qe7 17. Bd3 Bh3 18. Rg1 Bxg2 19. Rxg2 Rxf3 20. Bxe4 dxe4 21. Qc3 Ne5 22. Nb2 Rd8 23. Rd1 Rxd1+ 24. Kxd1 Rf6 25. Ke2 Rc6 26. Nc4 Nf3 27. a4 a6 28. Qb2 Qd7 29. Qb1 Qe7 30. Rg4 Re6 31. Nd2 Nxd2 32. Kxd2 Re5 33. Ke2 Qe6 34. Rg1 Rd5 35. Qb2 Qd7 36. Qc3 b5 37. axb5 axb5 38. b4 Qf7 39. Rg3 Rf5 40. Qe1 Qc4+ 0-1

[Event "Belgrade-chT"]
[Site "Belgrade"]
[Date "2017.10.01"]
[Round "1.6"]
[White "Popovic, Andrija"]
[Black "Hlebec, Darko"]
[Result "1-0"]
[WhiteElo "2178"]
[BlackElo "2028"]
[PlyCount "89"]
[EventDate "2017.10.01"]
[EventType "team-tourn"]
[EventRounds "11"]
[EventCountry "SRB"]
[SourceTitle "CBM 181 Extra"]
[Source "ChessBase"]
[SourceDate "2017.12.12"]
[SourceVersion "1"]
[SourceVersionDate "2017.12.12"]
[SourceQuality "1"]
[WhiteTeam "GSP Polet"]
[BlackTeam "Vidikovac"]
[WhiteTeamCountry "SRB"]
[BlackTeamCountry "SRB"]

1. e4 e5 2. Nf3 Nf6 3. Nc3 Nc6 4. Bc4 Bc5 5. d3 0-0 6. Bg5 h6 7. Bh4 Be7 8. h3 d6 9. Qe2 Na5 10. 0-0-0 c6 11. a3 Nxc4 12. dxc4 Qc7 13. g4 Nh7 14. Bg3 b6 15. Kb1 Be6 16. b3 Rfd8 17. Rd3 a6 18. Rhd1 Nf8 19. Qd2 Ng6 20. g5 h5 21. Nh4 Nxh4 22. Bxh4 b5 23. c5 dxc5 24. Kb2 Bxh3 25. Qe2 Bg4 26. f3 Be6 27. Qh2 g6 28. Bg3 Bxg5 29. Bxe5 Qb7 30. f4 Bg4 31. fxg5 Bxd1 32. Rxd1 b4 33. Rxd8+ Rxd8 34. axb4 cxb4 35. Na4 Re8 36. Qf4 Qe7 37. Bd4 a5 38. Nc5 Kh7 39. e5 Kg8 40. e6 fxe6 41. Qe5 Qh7 42. Ne4 Rf8 43. Nf6+ Rxf6 44. Qxf6 h4 45. Qd8+ 1-0

[Event "Belgrade Spring op"]
[Site "Belgrade"]
[Date "2009.03.30"]
[Round "8"]
[White "Hlebec, Darko"]
[Black "Mitrovic, Ratko"]
[Result "0-1"]
[WhiteElo "1780"]
[BlackElo "1943"]
[PlyCount "88"]
[EventDate "2009.03.21"]
[EventType "swiss"]
[EventRounds "9"]
[EventCountry "YUG"]
[SourceTitle "CBM 129 Extra"]
[Source "ChessBase"]
[SourceDate "2009.05.05"]
[SourceVersion "2"]
[SourceVersionDate "2009.05.20"]
[SourceQuality "1"]

1. d4 Nf6 2. c4 e6 3. Nf3 Bb4+ 4. Bd2 Be7 5. e3 b6 6. Be2 Bb7 7. Nc3 0-0 8. 0-0 c5 9. Qc2 Na6 10. a3 d5 11. cxd5 exd5 12. Qa4 Nc7 13. Rac1 a6 14. Qb3 Ne6 15. Rfd1 c4 16. Qa2 b5 17. Qb1 g6 18. Qc2 Bd6 19. Ne5 Kg7 20. f4 Ne4 21. Nxe4 dxe4 22. Rf1 f6 23. Ng4 h5 24. Nf2 f5 25. g3 a5 26. h4 Be7 27. Be1 Rc8 28. Nh3 Bd5 29. Qb1 Qb6 30. Qa1 b4 31. Rb1 Ra8 32. Bf2 Rfc8 33. Rfc1 Qd6 34. a4 b3 35. Be1 Qb6 36. Nf2 Bb4 37. Rc3 Bxc3 38. Bxc3 Qd6 39. Nd1 Nc7 40. Bd2 Ne6 41. Rc1 Rc6 42. Nc3 Nc7 43. Nxd5 Qxd5 44. Qa3 Kf7 0-1